LEADER 01052nam0-2200337---450- 001 990009668580403321 005 20130118134919.0 010 $a978-88-498-2681-4 035 $a000966858 035 $aFED01000966858 035 $a(Aleph)000966858FED01 035 $a000966858 100 $a20130118d2010----km-y0itay50------ba 101 0 $aita 102 $aIT 105 $ay-------001yy 200 1 $a<>mondo attorno a un verso?$eciviltà dell'utopia globale$fGiovanni Occhipinti$gprefazione di Giuseppe Amoroso 210 $aSoveria Mannelli$cRubbettino$d2010 215 $a152 p.$d22 cm 225 1 $aIride$ecollana di critica, didattica e testi letterari$v53 610 0 $aPoesia$a1946-2010 676 $a809.1$v21$zita 700 1$aOcchipinti,$bGiovanni$f<1936- >$0488668 702 1$aAmoroso,$bGiuseppe$f<1935- > 801 0$aIT$bUNINA$gREICAT$2UNIMARC 901 $aBK 912 $a990009668580403321 952 $aXXXI Varie 405$b49053$fFSPBC 959 $aFSPBC 996 $aMondo attorno a un verso$9838775 997 $aUNINA LEADER 00874nam0-22002891--450- 001 990008836000403321 005 20090406104651.0 035 $a000883600 035 $aFED01000883600 035 $a(Aleph)000883600FED01 035 $a000883600 100 $a20090406d1956----km-y0itay50------ba 101 0 $afre 102 $aCH 105 $ay-------001yy 200 1 $a<>crime de genocide$ethese presentee a la Faculte de droit de l'Universite de Fribourg (Suisse) pour l'obtention du grade de docteur en droit$fpar Antonio Planzer 210 $aSt. Gallen$cSchwald AG$d1956 215 $a210 p.$d24 cm 676 $a179 700 1$aPlanzer,$bAntonio$0505405 801 0$aIT$bUNINA$gRICA$2UNIMARC 901 $aBK 912 $a990008836000403321 952 $aDissertaz. Z 5$b57803$fFGBC 959 $aFGBC 996 $aCrime de genocide$9805231 997 $aUNINA LEADER 01722oam 2200481 450 001 9910715359103321 005 20210617135231.0 035 $a(CKB)5470000002510443 035 $a(OCoLC)1238127564 035 $a(EXLCZ)995470000002510443 100 $a20210223d1990 ua 0 101 0 $aeng 135 $aur||||||||||| 181 $ctxt$2rdacontent 182 $cc$2rdamedia 183 $acr$2rdacarrier 200 00$aApparent falsification of State of Connecticut weight certificates 210 1$aWashington, D.C. :$cUnited States Nuclear Regulatory Commission, Office of Nuclear Reactor Regulation,$d1990. 215 $a1 online resource 225 1 $aInformation notice ;$vno. 90-36 300 $a"May 24, 1990." 606 $aNuclear power plants$xEquipment and supplies$xStandards$zConnecticut 606 $aScales (Weighing instruments)$xCalibration 606 $aFalse certification$zConnecticut 606 $aFalse certification$2fast 606 $aNuclear power plants$xEquipment and supplies$xStandards$2fast 607 $aConnecticut$2fast 615 0$aNuclear power plants$xEquipment and supplies$xStandards 615 0$aScales (Weighing instruments)$xCalibration. 615 0$aFalse certification 615 7$aFalse certification. 615 7$aNuclear power plants$xEquipment and supplies$xStandards. 712 02$aU.S. Nuclear Regulatory Commission.$bOffice of Nuclear Reactor Regulation, 801 0$bGPO 801 1$bGPO 801 2$bOCLCO 801 2$bGPO 801 2$bOCLCF 801 2$bGPO 906 $aBOOK 912 $a9910715359103321 996 $aApparent falsification of State of Connecticut weight certificates$93341732 997 $aUNINA